[Personálny manažment pre prax]

Recenzia publikácie Szarková, M.: Personálny manažment pre prax. Bratislava: Kartprint 2002. 96 s. Publikácia je rozdelená do piatich kapitol a odkrýva niektoré postupy, metódy a techniky z oblasti personálneho manažmentu.

Salvato in:
Dettagli Bibliografici
Autore principale: Korauš, Antonín
Natura: Capitolo di libro
Lingua:slovacco
Soggetti:
Tags: Aggiungi Tag
Nessun Tag, puoi essere il primo ad aggiungerne!!

MARC

LEADER 00000naa a2200000 4500
001 r049028
005 20230929074923.2
041 0 |a slo 
044 |a SK 
245 1 0 |a [Personálny manažment pre prax]  |c Anton Korauš 
520 |a Recenzia publikácie Szarková, M.: Personálny manažment pre prax. Bratislava: Kartprint 2002. 96 s. Publikácia je rozdelená do piatich kapitol a odkrýva niektoré postupy, metódy a techniky z oblasti personálneho manažmentu. 
610 2 0 |a recenzie 
610 2 0 |a manažment personálny 
610 2 0 |a personalistika 
610 2 0 |a výber pracovníkov 
610 2 0 |a komunikácia 
610 2 0 |a manažéri 
100 1 |a Korauš, Antonín